Abuja journal of private and comparative law (Record no. 38022)
[ view plain ]
| 000 -LEADER | |
|---|---|
| fixed length control field | 00429nam a2200157Ia 4500 |
| 022 ## - INTERNATIONAL STANDARD SERIAL NUMBER | |
| ISSN | 23155825 |
| 050 ## - CALL MARK | |
| Classification number | K 1 .P18 .A105 |
| 245 #0 - TITLE STATEMENT | |
| Title | Abuja journal of private and comparative law |
| 260 ## - PUBLICATION, DISTRIBUTION, ETC. (IMPRINT) | |
| Place of publication | Abuja |
| 260 ## - PUBLICATION, DISTRIBUTION, ETC. (IMPRINT) | |
| Name of publisher | Department of Private and Islamic Law, Faculty of Abuja |
| 260 ## - PUBLICATION, DISTRIBUTION, ETC. (IMPRINT) | |
| Year of publication | 2010/2011 |
| 300 ## - PHYSICAL DESCRIPTION | |
| Number of Pages | ii, 207 p. ; 25 cm. |
| 942 ## - ADDED ENTRY ELEMENTS (KOHA) | |
| Koha item type | Serials |
No items available.